UM Logo
Normal view MARC view
  • Marris, Emma.

Entry Personal Name

Number of records used in: 1

001 - CONTROL NUMBER

  • control field: 63463

003 - CONTROL NUMBER IDENTIFIER

  • control field: OSt

005 - DATE AND TIME OF LATEST TRANSACTION

  • control field: 20241024135526.0

008 - FIXED-LENGTH DATA ELEMENTS

  • fixed length control field: 241024|| aca||aabn | a|a d

040 ## - CATALOGING SOURCE

  • Original cataloging agency: OSt

100 ## - HEADING--PERSONAL NAME

  • Personal name: Marris, Emma.
  • Relator term: author.